Best Pizza Cities - Statistics

General Stats
  • This quiz has been taken 191 times
  • The average score is 8 of 10
Answer Stats
Rank State City % Correct
1 Illinois Chicago
97%
10 Florida Miami
90%
7 Nevada Las Vegas
85%
5 California San Francisco
82%
9 Arizona Phoenix
81%
4 Florida Orlando
80%
2 New York New York City
78%
8 California San Diego
74%
6 Capital Washington D.C.
70%
3 Connecticut New Haven
48%
No matching quizzes found
Score Distribution
Percent of People with Each Score
Percentile by Number Answered
Your Score History
You have not taken this quiz